000
00309nam a22001457a 4500
008
221108b ||||| |||| 00| 0 eng d
020
_a
9780071460231
041
_a
eng
080
_a
004
082
_a
004 WIL
100
_a
18
101
_a
SHK
245
_a
NANOTECHNOLOGY
_c
WILLIAMS L
942
_2
udc
_c
BK
999
_c
58788
_d
58788